000 00542nam a2200217Ia 4500
001 9381
005 20240113234203.0
007 ta
008 050725s a g b000 u u
040 _aCotton College Assam
082 _a892.7
_bAk 22 D
100 _a, Akbari .
245 0 _aDewani Motanabbi /
_cAkbari.
_hTextual Documents
260 _aSl :
_bSn ,
_c1977.
300 _bill. ;
_c24cm. .
500 _aPersian Language
653 _aPersian Literature
942 _2ddc
_cBK
999 _c9368
_d9368